Organizational behaviour (Record no. 103242)

MARC details
000 -LEADER
fixed length control field 01370cam a2200277 4500
008 - FIXED-LENGTH DATA ELEMENTS--GENERAL INFORMATION
fixed length control field 031201n2004 000 0 eng u
020 ## - INTERNATIONAL STANDARD BOOK NUMBER
International Standard Book Number 0273682229
035 ## - SYSTEM CONTROL NUMBER
System control number (Sirsi) u124537
041 ## - LANGUAGE CODE
Language code of text/sound track or separate title eng
050 ## - LIBRARY OF CONGRESS CALL NUMBER
Classification number 302.35
-- 18
100 ## - MAIN ENTRY--PERSONAL NAME
Personal name Buchanan, David
245 ## - TITLE STATEMENT
Title Organizational behaviour
Remainder of title an introductory text
250 ## - EDITION STATEMENT
Edition statement 5th ed.
260 ## - PUBLICATION, DISTRIBUTION, ETC.
Place of publication, distribution, etc. Harlow
Name of publisher, distributor, etc. Pearson Education
Date of publication, distribution, etc. 2004
300 ## - PHYSICAL DESCRIPTION
Extent xxxix, 959p.
Dimensions 26cm.
350 ## - PRICE (NR) (BK AM CF MU VM SE) [OBSOLETE]
Price 36.99
520 ## - SUMMARY, ETC.
Summary, etc. This text provides a multidisciplinary approach to organisational behaviour. Provides concepts, theories, models and frameworks to help understand behaviour in organisations. Readers are encouraged to challenge current thinking critically in relation to their own ideas and experience, exploring alternative perspectives. Emphasises how organisational behaviour ideas and methods apply in practice. Covers the organisational context; structures; processes: organisational change, organisational culture and human resource management; organisation management: leadership, decision-making and conflict. Glossary and references.
650 ## - SUBJECT ADDED ENTRY--TOPICAL TERM
Topical term or geographic name entry element ORGANISATIONAL BEHAVIOUR
650 ## - SUBJECT ADDED ENTRY--TOPICAL TERM
Topical term or geographic name entry element ORGANISATIONAL CHANGE
650 ## - SUBJECT ADDED ENTRY--TOPICAL TERM
Topical term or geographic name entry element ORGANISATIONAL CULTURE
650 ## - SUBJECT ADDED ENTRY--TOPICAL TERM
Topical term or geographic name entry element HUMAN RESOURCE MANAGEMENT
650 ## - SUBJECT ADDED ENTRY--TOPICAL TERM
Topical term or geographic name entry element LEADERSHIP
690 ## - LOCAL SUBJECT ADDED ENTRY--TOPICAL TERM (OCLC, RLIN)
Topical term or geographic name as entry element MANAGEMENT-BUSINESS MANAGEMENT
700 ## - ADDED ENTRY--PERSONAL NAME
Personal name Huczynski, Andrzej
942 ## - ADDED ENTRY ELEMENTS (KOHA)
Suppress in OPAC 0
Holdings
Withdrawn status Lost status Source of classification or shelving scheme Damaged status Not for loan Home library Current library Shelving location Date acquired Cost, normal purchase price Total Checkouts Full call number Barcode Date last seen Date last checked out Copy number Cost, replacement price Price effective from Koha item type
    Dewey Decimal Classification     London London Staff library 13/01/2004 31.44 21 STAFF PUGH 30077449 06/08/2019 24/12/2010 1 31.44 06/08/2019 Book